[Event "3rd GM"]
[Site "Griesheim GER"]
[Date "2003.02.03"]
[Round "6"]
[White "Buhmann,R"]
[Black "Ruck,R"]
[Result "1/2-1/2"]
[WhiteElo "2525"]
[BlackElo "2583"]

1.Nf3 Nf6 2.c4 c5 3.Nc3 d5 4.cxd5 Nxd5 5.g3 Nc6 6.Bg2 Nc7 7.O-O e5 8.d3 Be7
9.Be3 Bd7 10.Nd2 O-O 11.Rc1 b6 12.Nc4 f6 13.f4 exf4 14.gxf4 Rc8 15.a3 Nd4
16.Bf2 Bg4 17.Re1 Qd7 18.Ne3 Be6 19.Qa4 Qxa4 20.Nxa4 Rfe8 21.Nc3 Bd6 22.Bg3 Bf8
23.f5 Bd7 24.Ned5 Ncb5 25.e3 Nxf5 26.Nxb5 Bxb5 27.Nc7 Nxg3 28.Nxb5 a6 29.Nc3 Nh5
30.Bd5+ Kh8 31.Bb7 Rcd8 32.Bxa6 g6 33.Re2 Bh6 34.Rce1 f5 35.Bc4 Nf6 36.h3 Re5
37.b4 cxb4 38.axb4 Rde8 39.Kf2 Bf8 40.Rb1 Bh6 41.Rbe1  1/2-1/2

[Event "Gibraltar Masters"]
[Site "Catalan Bay ENG"]
[Date "2003.02.04"]
[Round "8"]
[White "Johansen,D"]
[Black "Thompson,I"]
[Result "1-0"]
[WhiteElo "2487"]
[BlackElo "2256"]

1.Nf3 Nf6 2.c4 e6 3.Nc3 c5 4.e4 d6 5.d4 cxd4 6.Nxd4 a6 7.Bd3 Qc7 8.O-O Nc6
9.Nxc6 bxc6 10.f4 e5 11.f5 Bb7 12.Bg5 Be7 13.Qe2 h6 14.Bh4 O-O 15.Rac1 Nh7
16.Bf2 Rad8 17.b4 Qb8 18.Rb1 Nf6 19.c5 Qc8 20.cxd6 Bxd6 21.Rfc1 c5 22.Na4 Qd7
23.bxc5 Be7 24.Nc3 Rc8 25.Rxb7 Qxb7 26.Bxa6 Qc6 27.Bxc8 Rxc8 28.Kf1 Bxc5
29.Nd5 Qd6 30.Nxf6+ gxf6 31.Qc4  1-0

[Event "3rd GM"]
[Site "Griesheim GER"]
[Date "2003.02.05"]
[Round "8"]
[White "Ruck,R"]
[Black "Prusikhin,M"]
[Result "0-1"]
[WhiteElo "2583"]
[BlackElo "2509"]

1.Nf3 c5 2.c4 Nf6 3.Nc3 e6 4.g3 b6 5.Bg2 Bb7 6.O-O Be7 7.Re1 d6 8.e4 Nbd7
9.d4 cxd4 10.Nxd4 Qc7 11.b3 Rc8 12.Bb2 O-O 13.Rc1 Qb8 14.Rc2 Rfe8 15.Rd2 a6
16.f4 Bf8 17.Bf3 h6 18.h4 h5 19.Bxh5 Nxh5 20.Qxh5 Nf6 21.Qd1 b5 22.Nd5 exd5
23.Nf5 d4 24.Bxd4 Re6 25.e5 dxe5 26.Bxe5 Qa7+ 27.Kh2 Rd8 28.Bxf6 Rxd2+ 29.Qxd2 Rxf6
30.Re8 Re6 31.Rxf8+ Kxf8 32.Qd8+ Re8 33.Qg5 Qf2+  0-1

[Event "1st It"]
[Site "Ilha Solteira-SP BRA"]
[Date "2003.02.07"]
[Round "6"]
[White "Marques,V"]
[Black "Da Silva,A"]
[Result "1-0"]
[WhiteElo "2319"]
[BlackElo "2128"]

1.Nf3 c5 2.c4 Nf6 3.Nc3 d5 4.cxd5 Nxd5 5.e3 Nc6 6.d4 cxd4 7.exd4 Bg4 8.Qb3 Bxf3
9.gxf3 e6 10.Qxb7 Nxd4 11.Bb5+ Nxb5 12.Qc6+ Ke7 13.Qxb5 f6 14.Qb7+ Ke8 15.O-O Nxc3
16.bxc3 Qc8 17.Rb1 Be7 18.Rd1 Rf8 19.Be3 Rf7 20.c4 Bd8 21.Qb5+ Kf8 22.c5 Bc7
23.c6 g5 24.Rd7 Qe8 25.Rbd1 Rb8 26.Qc5+ Kg8 27.Qxa7 Rxd7 28.cxd7 Qd8 29.Qc5 Kf7
30.Qc6 Rb4 31.Qxc7  1-0

[Event "11th Aosta Open"]
[Site "Saint Vincent ITA"]
[Date "2003.02.08"]
[Round "1"]
[White "Korchnoi,V"]
[Black "Yeuillaz,C"]
[Result "1-0"]
[WhiteElo "2642"]
[BlackElo "2225"]

1.Nf3 Nf6 2.c4 c5 3.Nc3 g6 4.e4 Nc6 5.d4 cxd4 6.Nxd4 d6 7.Be2 Bg7 8.Be3 O-O
9.O-O Bd7 10.Nb3 Be6 11.f4 Qd7 12.h3 Rfc8 13.Rc1 b6 14.g4 Na5 15.Nxa5 bxa5
16.b3 Qc7 17.g5 Ne8 18.f5 Bd7 19.Nd5 Qd8 20.f6 exf6 21.gxf6 Bxf6 22.Rxf6  1-0

[Event "Tch-SWE 2002-3"]
[Site "Sweden SWE"]
[Date "2003.02.08"]
[Round "7"]
[White "Sandstrom,L"]
[Black "Berkell,P"]
[Result "1-0"]
[WhiteElo "2357"]
[BlackElo "2310"]

1.Nf3 Nf6 2.c4 c5 3.Nc3 e6 4.g3 b6 5.Bg2 Bb7 6.O-O d6 7.Re1 Nbd7 8.e4 a6
9.d4 cxd4 10.Nxd4 Qc7 11.Be3 Be7 12.Rc1 O-O 13.f4 Rac8 14.g4 Nc5 15.Bf2 g6
16.g5 Nh5 17.Nde2 d5 18.exd5 Nxf4 19.Nxf4 Qxf4 20.b4 Bxg5 21.bxc5 Qxc1 22.Qxc1 Bxc1
23.Rxc1 bxc5 24.Rb1 Ba8 25.Rb6 exd5 26.cxd5 Rb8 27.Bxc5 Rxb6 28.Bxb6 Rb8
29.Bc7 Rb2 30.Be4 f5 31.d6 fxe4 32.d7 Rd2 33.d8=Q+ Rxd8 34.Bxd8 Kf7 35.Kf2 Ke6
36.Ke3 Kf5 37.h3 g5 38.Ne2 h6 39.Ng3+ Ke5 40.Be7 Bd5 41.a3 Be6 42.Bf8 Bxh3
43.Bxh6 Bg2 44.Bxg5 Kd5 45.Bf6 Bf3 46.Nf1 Kc6 47.Kd4 Be2 48.Nd2 Bd3 49.Nb3 Kd6
50.Nc5 Kc6 51.Bg5 Kd6 52.Be3 Kc6 53.Kc3 Kb5 54.a4+ Kc6 55.Kb4 Kc7 56.Ka5 Kb8
57.Kb6 Ka8 58.Bf4 Bc2 59.Kxa6  1-0

[Event "TCh-BEL 2002-3"]
[Site "Belgium BEL"]
[Date "2003.02.09"]
[Round "8"]
[White "Chuchelov,V"]
[Black "Gommers,R"]
[Result "1-0"]
[WhiteElo "2593"]
[BlackElo "2342"]

1.Nf3 c5 2.c4 Nf6 3.Nc3 b6 4.g3 Bb7 5.Bg2 e6 6.O-O Be7 7.Re1 a6 8.e4 d6 9.d4 cxd4
10.Nxd4 Qc7 11.Be3 O-O 12.Rc1 Nbd7 13.f4 Rfe8 14.g4 h6 15.g5 hxg5 16.fxg5 Nh7
17.g6 Nhf8 18.gxf7+ Kxf7 19.Rf1+ Bf6 20.Ndb5 axb5 21.Nxb5 Qc6 22.Nxd6+ Kg8
23.c5 Ne5 24.cxb6 Red8 25.Rxc6 Bxc6 26.Bc5 Rxa2 27.Qb3 Rxb2 28.Qc3 Re2 29.Qg3 Ned7
30.Be3 Be5 31.Bf4 Bd4+ 32.Kh1 Nxb6 33.Bg5 Ra8 34.Qf3 Rc2 35.Qf7+ Kh8 36.Qh5+ Nh7
37.Nf7+ Kg8 38.Qg6 Nf8 39.Nh6+ Kh8 40.Nf7+ Kg8 41.Nh6+ Kh8 42.Qf7 gxh6 43.Bf6+ Bxf6
44.Qxf6+ Kh7 45.Qe7+ Kg8 46.Rg1 Ra5 47.h4 Nh7 48.Bh3+ Rg5 49.Qxe6+ Kg7 50.hxg5 Nxg5
51.Bf5  1-0

[Event "FSIMA Feb"]
[Site "Budapest HUN"]
[Date "2003.02.10"]
[Round "10"]
[White "Kovacs,Ga2"]
[Black "Schneider,At"]
[Result "1/2-1/2"]
[WhiteElo "2382"]
[BlackElo "2302"]

1.c4 c5 2.Nf3 Nf6 3.Nc3 b6 4.e4 Bb7 5.e5 Ng4 6.h3 Nh6 7.d4 cxd4 8.Nxd4 g6
9.Bg5 Bg7 10.Qd2 Ng8 11.f4 Nc6 12.Ne4 Qc8 13.Nb5 Kf8 14.O-O-O h6 15.Bf6 exf6
16.Qd6+ Nce7 17.exf6 Bxe4 18.fxg7+ Kxg7 19.Qe5+ Nf6 20.Qxe7 d5 21.Nd6 Qe6
22.Qxe6 fxe6 23.Rg1 dxc4 24.Nxe4 Nxe4 25.Rd4 Ng3 26.Bxc4 Rac8 27.Kb1 Rhd8
28.Rgd1 Rxd4 29.Rxd4 Kf6 30.b3 Rc7 31.Rd3 Ne2 32.Rf3 Nd4 33.Rd3 Ne2 34.Rf3  1/2-1/2

[Event "11th Aosta Open"]
[Site "Saint Vincent ITA"]
[Date "2003.02.15"]
[Round "8"]
[White "Rotstein,A"]
[Black "Nisipeanu,LD"]
[Result "1/2-1/2"]
[WhiteElo "2544"]
[BlackElo "2592"]

1.c4 e6 2.Nf3 Nf6 3.Nc3 c5 4.g3 b6 5.Bg2 Bb7 6.O-O Be7 7.Re1 d6 8.e4 a6 9.d4 cxd4
10.Nxd4 Qc7 11.Be3 O-O 12.Rc1 Nbd7 13.f4 h5 14.h3  1/2-1/2

[Event "Jersey Open"]
[Site "Jersey JCI"]
[Date "2003.02.20"]
[Round "5"]
[White "Fraser,M"]
[Black "Brameld,A"]
[Result "1-0"]
[WhiteElo "2185"]
[BlackElo "2076"]

1.c4 Nf6 2.Nc3 e6 3.Nf3 c5 4.g3 d5 5.cxd5 exd5 6.d4 Ne4 7.Bg2 Nc6 8.O-O h6
9.Be3 Be6 10.dxc5 Nxc3 11.bxc3 Qa5 12.Bd4 Rg8 13.Nd2 Qa3 14.Qb3 Bxc5 15.Qxb7 Rc8
16.Nb3 Bxd4 17.cxd4 Qb4 18.Qa6 Qb6 19.Qd3 Ke7 20.Nc5 Nxd4 21.Nxe6 fxe6 22.Rab1 Qc5
23.Rb7+ Kd6 24.Rd1 Nc6 25.Rb5 Qd4 26.Qxd4 Nxd4 27.Rxd4 Rc1+ 28.Bf1 Ra1 29.Rdb4 Rc8
30.Rb1 Rxa2 31.R5b2 Ra3 32.Rb7 Rc7 33.Rxc7 Kxc7 34.Bh3 e5 35.Kf1 Kc6 36.Bf5 e4
37.Rd1 Kc5 38.Be6 d4 39.Bf5 Kd5 40.h4 a5 41.h5 a4 42.Bh7 Rc3 43.Ke1 a3 44.Kd2 e3+
45.Ke1 Kc5 46.f4 Rb3 47.Bg8 Rb2 48.Ra1 Kb4 49.g4 d3 50.exd3 Rg2 51.Ra2 Rxg4
52.Ke2 Rxf4 53.Kxe3 Rf8 54.Bc4 Rf5 55.Rh2 Kc3 56.Ke4 Rc5 57.Ba2 Rg5 58.Bc4 Rc5
59.Be6 Ra5 60.d4 Ra4 61.Ke5 Ra5+ 62.Bd5 Kd3 63.Rh3+ Kd2 64.Ke4 Kc2 65.Ba2 Rb5
66.Rxa3 Rxh5 67.d5  1-0

[Event "TCh-BEL 2002-3"]
[Site "Belgium BEL"]
[Date "2003.02.23"]
[Round "9"]
[White "Chuchelov,V"]
[Black "Lutz,C"]
[Result "1-0"]
[WhiteElo "2592"]
[BlackElo "2640"]

1.Nf3 Nf6 2.c4 e6 3.Nc3 c5 4.g3 b6 5.Bg2 Bb7 6.O-O Be7 7.Re1 d5 8.cxd5 exd5
9.d4 O-O 10.Bf4 Nbd7 11.Qc2 Ne4 12.Rad1 Nxc3 13.bxc3 Rc8 14.Bh3 cxd4 15.Nxd4 Rc4
16.e4 Nf6 17.e5 Ne4 18.Rxe4 dxe4 19.Nf5 Qe8 20.Rd7 Qxd7 21.Nh6+ gxh6 22.Bxd7 Kh8
23.Qe2 Rxc3 24.e6 f6 25.Bxh6 Rg8 26.Qh5 Rg6 27.Be3 Rd3 28.Qb5 Bd5 29.h4 Bxa2
30.Qa4 Ra3 31.Qxe4 Ra5 32.Qb7 Bd5 33.Qc8+ Rg8 34.Qc3 Ra3 35.Qd4 Bb7 36.Kh2 Rb3
37.Qd1 Rb4 38.Bd4 a5 39.g4 h6 40.Qd2 Kh7 41.Qf4 Rg7 42.Be8 a4 43.Qf5+ Kh8
44.Bxf6 Bxf6 45.Qxf6 Rxg4 46.Qxh6+ Rh7 47.Qf8+ Rg8 48.Qf6+ Rgg7 49.Bf7  1-0

[Event "ch-CZE w"]
[Site "Lahucovice CZE"]
[Date "2003.02.23"]
[Round "4"]
[White "Boskova,M"]
[Black "Herberova,H"]
[Result "1/2-1/2"]
[WhiteElo "2029"]
[BlackElo "2100"]

1.Nf3 Nf6 2.c4 c5 3.Nc3 e6 4.e3 Be7 5.Be2 O-O 6.d4 d5 7.O-O b6 8.cxd5 exd5
9.Qc2 cxd4 10.Nxd4 Ba6 11.Re1 Bxe2 12.Qxe2 Qd7 13.Bd2 Nc6 14.Nxc6 Qxc6 15.Rac1 Qb7
16.Nb5 a6 17.Rc7 Qb8 18.Rxe7 axb5 19.a3 Rc8 20.Rc1 Rxc1+ 21.Bxc1  1/2-1/2

[Event "ch-CZE"]
[Site "Lahucovice CZE"]
[Date "2003.02.26"]
[Round "9"]
[White "Konopka,M"]
[Black "Berezjuk,S"]
[Result "0-1"]
[WhiteElo "2448"]
[BlackElo "2448"]

1.Nf3 Nf6 2.c4 c5 3.Nc3 e6 4.g3 b6 5.Bg2 Bb7 6.O-O Be7 7.b3 d6 8.Bb2 a6 9.e3 O-O
10.d4 Ne4 11.Qc2 Nxc3 12.Bxc3 Ra7 13.Rad1 Nd7 14.dxc5 Nxc5 15.Qb2 Qa8 16.Ne1 Bxg2
17.Nxg2 e5 18.Bb4 Rc8 19.Rd5 Rac7 20.Qe2 b5 21.Bxc5 Rxc5 22.Rxc5 Rxc5 23.e4 bxc4
24.bxc4 Qc6 25.Rc1 g6 26.Rc2 Bg5 27.h4 Bh6 28.Ne1 Qc8 29.Kg2 Qe6 30.Rc3 a5
31.Nd3 Rc8 32.Nb2 f5 33.f3 Bf8 34.Ra3 f4 35.g4 Be7 36.Rxa5 Bxh4 37.Qd3 Qe7
38.Qd5+ Kh8 39.Ra6 Rd8 40.Qd1 Qb7 41.Kh3 Qxa6 42.Kxh4 Qxa2  0-1

[Event "ch-CZE"]
[Site "Lahucovice CZE"]
[Date "2003.02.28"]
[Round "11"]
[White "Konopka,M"]
[Black "Stocek,J"]
[Result "1/2-1/2"]
[WhiteElo "2448"]
[BlackElo "2563"]

1.Nf3 Nf6 2.c4 c5 3.Nc3 b6 4.g3 Bb7 5.Bg2 g6 6.O-O Bg7 7.d4 cxd4 8.Qxd4 d6
9.Be3 Nbd7 10.Rfd1 Rc8 11.Rac1 O-O 12.Qh4 a6 13.b3 Re8 14.Bh3  1/2-1/2

[Event "ch-Serbia"]
[Site "Dimitrovgrad YUG"]
[Date "2003.03.01"]
[Round "2"]
[White "Pavlovic,Mi2"]
[Black "Milanovic,Da"]
[Result "1-0"]
[WhiteElo "2336"]
[BlackElo "2429"]

1.Nf3 Nf6 2.c4 c5 3.Nc3 d5 4.cxd5 Nxd5 5.g3 Nc6 6.Bg2 Nc7 7.a3 g6 8.h4 h6
9.d3 Bg7 10.Be3 Nd4 11.Na4 b6 12.Nxd4 cxd4 13.Bxa8 Nxa8 14.Bd2 b5 15.Rc1 Bb7
16.Qb3 Qd5 17.Qxd5 Bxd5 18.Rc8+ Kd7 19.Rxh8 Bxh8 20.Nc5+ Kc6 21.Ne4 f5 22.f3 fxe4
23.dxe4 Bf7 24.Bxh6 a5 25.g4 a4 26.h5 gxh5 27.gxh5 Kd7 28.Bd2 e5 29.Ba5 Bg8
30.Rg1 Bh7 31.Kd2 Bf6 32.Kd3 Kc6 33.Bd8 Bh8 34.h6 Kd7 35.Ba5 Bf6 36.e3 dxe3
37.Kxe3 Kc6 38.Rd1 Bg5+ 39.Ke2 Be7 40.Bb4 Bxb4 41.axb4  1-0

[Event "Tch-SWE 2002-3"]
[Site "Sweden SWE"]
[Date "2003.03.01"]
[Round "8"]
[White "Akesson,R"]
[Black "Von Bahr,O"]
[Result "1-0"]
[WhiteElo "2440"]
[BlackElo "2320"]

1.Nf3 Nf6 2.c4 c5 3.Nc3 d5 4.cxd5 Nxd5 5.d4 Nxc3 6.bxc3 g6 7.e3 Bg7 8.Bb5+ Bd7
9.a4 O-O 10.O-O Qc7 11.Ba3 b6 12.Qe2 Bc6 13.e4 Nd7 14.Bxc6 Qxc6 15.d5 Qb7
16.Bb2 e5 17.c4 Rae8 18.a5 Re7 19.Bc3 Bh6 20.axb6 axb6 21.Ra3 f5 22.Rfa1 Qc7
23.Ra8 Qd6 24.Rxf8+ Kxf8 25.Ra8+ Kf7 26.exf5 b5 27.cxb5 Qxd5 28.fxg6+ hxg6
29.Rh8 Bf8 30.Ng5+ Kg7 31.Rh4 Qb3 32.Qd3 Nf6 33.Rh3 c4 34.Qe2 Qxb5 35.Rh4 Qb1+
36.Qf1 Qf5 37.Nf3 Rb7 38.Nd2 Bc5 39.Rxc4 Ba7 40.h3 g5 41.Qe2 Re7 42.Nf1 Kg6
43.Ng3 Qb1+ 44.Kh2 Qb8 45.Rc6 Qh8 46.Bxe5 Bxf2 47.Qd3+ Kf7 48.Rxf6+ Qxf6
49.Bxf6 Bxg3+ 50.Kxg3  1-0

[Event "FSIMB March"]
[Site "Budapest HUN"]
[Date "2003.03.02"]
[Round "2"]
[White "Kovacs,Ga1"]
[Black "Zhidkov,V"]
[Result "1-0"]
[WhiteElo "2186"]
[BlackElo "2372"]

1.c4 e6 2.Nf3 Nf6 3.Nc3 c5 4.e4 d6 5.d4 cxd4 6.Nxd4 Be7 7.g4 h6 8.Be3 Nc6
9.h3 Bd7 10.Bg2 a6 11.Qe2 Rc8 12.f4 Qc7 13.Nxc6 Bxc6 14.O-O O-O 15.Rac1 Qb8
16.h4 b5 17.g5 hxg5 18.hxg5 Nd7 19.f5 b4 20.Qh5 exf5 21.Rf3 Bxg5 22.Bxg5 bxc3
23.Rcxc3 Ne5 24.Bf6 Qa7+ 25.Kh1 Ng4 26.Bxg7 f6 27.Bxf8 Rc7 28.Qxf5 Rh7+ 29.Rh3 Nf2+
30.Kh2 Nxh3 31.Bxh3 Kxf8 32.Qxf6+ Ke8 33.Qe6+ Kd8 34.Qxd6+ Rd7 35.Qf8+  1-0

[Event "Jch-RUS b20"]
[Site "Essentuki RUS"]
[Date "2003.03.02"]
[Round "1"]
[White "Dudukin,Ilya"]
[Black "Savchenko,B"]
[Result "1-0"]
[WhiteElo "2333"]
[BlackElo "2431"]

1.Nf3 c5 2.c4 e6 3.Nc3 Nf6 4.d4 cxd4 5.Nxd4 b6 6.e4 d6 7.Bd3 Bb7 8.O-O Nbd7
9.Qe2 a6 10.f4 Rc8 11.a4 Be7 12.b3 Qc7 13.Kh1 e5 14.Nf5 Bf8 15.Bb2 Nc5 16.Bc2 g6
17.Nd5 Nxd5 18.exd5 Nd7 19.Ng3 Bg7 20.Ne4 f5 21.Ng5 O-O 22.Ne6 Qb8 23.a5 b5
24.Nxf8 Nxf8 25.cxb5 axb5 26.Qxb5 Qa8 27.Qe2 Bxd5 28.Bd3 Bxb3 29.fxe5 dxe5
30.Bxe5 Re8 31.Bc4+  1-0

[Event "ch-Serbia"]
[Site "Dimitrovgrad YUG"]
[Date "2003.03.03"]
[Round "4"]
[White "Pavlovic,Mi2"]
[Black "Arsovic,Z"]
[Result "1/2-1/2"]
[WhiteElo "2336"]
[BlackElo "2420"]

1.Nf3 c5 2.c4 Nf6 3.Nc3 e6 4.g3 b6 5.Bg2 Bb7 6.O-O d6 7.d4 cxd4 8.Qxd4 a6
9.Rd1 Be7 10.b3 Nbd7 11.Bb2 O-O 12.Ng5 Bxg2 13.Kxg2 Qc7 14.Nge4 Rfd8 15.Rd2 Nc5
16.Rad1 Rac8 17.Nxc5 bxc5 18.Qf4  1/2-1/2

[Event "69th ch-BLR"]
[Site "Minsk BLR"]
[Date "2003.03.04"]
[Round "5"]
[White "Surma,D"]
[Black "Kochetkov,Vit"]
[Result "0-1"]
[WhiteElo "2383"]
[BlackElo "2396"]

1.Nf3 Nf6 2.c4 c5 3.Nc3 e6 4.d4 cxd4 5.Nxd4 Bb4 6.Bd2 O-O 7.Nc2 Be7 8.e4 d5
9.e5 Nfd7 10.f4 f6 11.exf6 Bxf6 12.Be3 Nb6 13.c5 Bxc3+ 14.bxc3 Na4 15.Qd4 Qa5
16.Qb4 Nc6 17.Qxa5 Nxa5 18.g3 Bd7 19.Bh3 Rac8 20.Bd4 Nxc5 21.Ne3 Nd3+ 22.Ke2 Nc5
23.Rab1 b6 24.Rhf1 Rce8 25.Kd2 Ne4+ 26.Kc2 Ba4+ 27.Kd3 Nb7 28.Be5 Nbc5+ 29.Ke2 a6
30.c4 dxc4 31.Rxb6 Bb5 32.Rc1 Nd3 33.Rc2 Nxe5 34.fxe5 c3+ 35.Ke1 Bd3 36.Bg2 Bxc2
37.Nxc2 Nc5 38.Bh3 Nd3+ 39.Ke2 Nxe5 40.Rxa6 Rd8 41.Bxe6+ Kh8 42.Bb3 Rd2+
43.Ke3 Ng4+ 44.Ke4 Nxh2 45.Rc6 Re8+ 46.Kf4 Rf2+ 47.Kg5 Nf3+ 48.Kh5 g6+  0-1

[Event "ch-Serbia"]
[Site "Dimitrovgrad YUG"]
[Date "2003.03.05"]
[Round "6"]
[White "Pavlovic,Mi2"]
[Black "Perunovic,Mio"]
[Result "1-0"]
[WhiteElo "2336"]
[BlackElo "2402"]

1.Nf3 Nf6 2.c4 e6 3.Nc3 c5 4.g3 b6 5.Bg2 Bb7 6.O-O Be7 7.d4 cxd4 8.Qxd4 Nc6
9.Qf4 O-O 10.Rd1 Qb8 11.b3 Rd8 12.Bb2 d6 13.Rac1 a6 14.Ng5 h6 15.Nge4 Nxe4
16.Nxe4 f5 17.Nd2 Bg5 18.Qf3 Rd7 19.Qh5 Qd8 20.e4 f4 21.Qg6 Ne5 22.Qxe6+ Kh8
23.Nf3 Nxf3+ 24.Bxf3 fxg3 25.hxg3 Re7 26.Qg6 Bxc1 27.Rxc1 Kg8 28.Rd1 Qe8
29.Rxd6 Qxg6 30.Rxg6 Rd8 31.Rxb6 Rd3 32.Ba3 Rf7 33.Bh5 Bxe4 34.Bxf7+ Kxf7
35.Kf1 Rd2 36.Rxa6 Bf3 37.Bb4 Rd1+ 38.Be1 h5 39.b4 g5 40.Ra3 g4 41.Rb3 Ra1
42.Rb2 Ke6 43.b5 Kd7 44.c5 Kc8 45.c6 Bd5 46.Rc2 Rxa2 47.Rc5 Be4 48.Bc3 Rc2
49.b6 Bd3+ 50.Ke1 Re2+ 51.Kd1  1-0

[Event "1st Breizh Masters"]
[Site "Guingamp FRA"]
[Date "2003.03.05"]
[Round "6"]
[White "Parmentier,X"]
[Black "Michiels,B"]
[Result "1-0"]
[WhiteElo "2339"]
[BlackElo "2304"]

1.c4 c5 2.Nf3 Nf6 3.Nc3 d5 4.cxd5 Nxd5 5.d4 cxd4 6.Qxd4 Nxc3 7.Qxc3 Nc6 8.e4 Bd7
9.Bd2 Rc8 10.Bc4 e6 11.Rc1 Qf6 12.Qxf6 gxf6 13.O-O Be7 14.Rfd1 O-O 15.Be3 Rfd8
16.Be2 Be8 17.Rxd8 Rxd8 18.Kf1 Bd6 19.a3 Kf8 20.Rd1 Ke7 21.b4 a6 22.Nd2 Kf8
23.Bb6 Rd7 24.Nb3 Bf4 25.Rb1 Bc7 26.Be3 Bd6 27.Rc1 Rc7 28.Bb6 Rc8 29.Na5 Rb8
30.Nc4 Be7 31.Rd1 Nd8 32.Na5 Nc6 33.Nb3 Ne5 34.Nc5 Bc6 35.f4 Ng6 36.g3 Ke8
37.Bd3 Nf8 38.Ke2 Nd7 39.Nxd7 Bxd7 40.Rc1 Rc8 41.Rxc8+ Bxc8 42.Bd4 Bd7 43.Ke3 Bc6
44.h4 Ba4 45.g4 Bd1 46.g5 e5 47.Bc5 Bd8 48.Bc4 exf4+ 49.Kxf4 fxg5+ 50.hxg5 Bh5
51.Bd5 Bc7+ 52.e5 b6 53.Bd6 Bxd6 54.exd6 Kd7 55.Ke5 a5 56.bxa5 bxa5 57.Be4 Bd1
58.Bxh7 Bb3 59.Bf5+ Kd8 60.Be4 Kd7 61.Bd5 a4 62.Be4 Bc4 63.Bf5+ Kc6 64.Bc2 Bb5
65.Bd1 Kd7 66.Kd5 Kd8 67.Bh5 Be8 68.Kc5 Kc8 69.Bg4+ Kd8 70.Bf3 Bd7 71.Bd5  1-0

[Event "Spring Festival GM"]
[Site "Bucharest ROM"]
[Date "2003.03.06"]
[Round "4"]
[White "Moldovan,D"]
[Black "Lupulescu,C"]
[Result "1/2-1/2"]
[WhiteElo "2447"]
[BlackElo "2496"]

1.Nf3 Nf6 2.c4 c5 3.Nc3 d5 4.cxd5 Nxd5 5.e4 Nxc3 6.dxc3 Qxd1+ 7.Kxd1 Nc6
8.Be3 e6 9.Kc2 Bd7 10.Nd2 O-O-O 11.Be2 Be7 12.Rad1 Na5 13.Nc4  1/2-1/2

[Event "FSGM March"]
[Site "Budapest HUN"]
[Date "2003.03.06"]
[Round "6"]
[White "Flumbort,A"]
[Black "Kustar,S"]
[Result "1/2-1/2"]
[WhiteElo "2443"]
[BlackElo "2384"]

1.Nf3 Nf6 2.c4 c5 3.Nc3 b6 4.g3 Bb7 5.Bg2 e6 6.O-O Be7 7.d4 cxd4 8.Qxd4 Nc6
9.Qf4 O-O 10.Rd1 Qb8 11.Qxb8 Raxb8 12.Bf4 Rbc8 13.Ne5 d6 14.Nxc6 Bxc6 15.Bxd6 Bxg2
16.Kxg2 Bxd6 17.Rxd6 Rxc4 18.Rad1 g5  1/2-1/2

[Event "ch-Serbia"]
[Site "Dimitrovgrad YUG"]
[Date "2003.03.06"]
[Round "7"]
[White "Benkovic,P"]
[Black "Pavlovic,Mi2"]
[Result "1/2-1/2"]
[WhiteElo "2469"]
[BlackElo "2336"]

1.Nf3 Nf6 2.c4 c5 3.Nc3 b6 4.e4 d6 5.d4 cxd4 6.Nxd4 Bb7 7.Qe2 e6 8.g4 Nc6
9.Nxc6 Bxc6 10.g5 Nd7 11.h4 Be7 12.f4 h6 13.Rg1 hxg5 14.hxg5 Qc7 15.Bd2 a6
16.Rc1 Bb7 17.Kd1 O-O-O 18.Kc2 Kb8 19.Kb1 Rc8  1/2-1/2

[Event "69th ch-BLR"]
[Site "Minsk BLR"]
[Date "2003.03.06"]
[Round "7"]
[White "Kupreichik,V"]
[Black "Kasparov,S"]
[Result "1-0"]
[WhiteElo "2490"]
[BlackElo "2435"]

1.c4 c5 2.Nf3 Nf6 3.Nc3 e6 4.g3 b6 5.Bg2 Bb7 6.O-O Be7 7.Re1 d6 8.e4 a6 9.d4 cxd4
10.Nxd4 Qc7 11.Be3 Nbd7 12.Rc1 O-O 13.g4 g6 14.g5 Nh5 15.f4 Qd8 16.h4 e5
17.fxe5 dxe5 18.Nf5 Bc5 19.Bh3 Bxe3+ 20.Rxe3 Nc5 21.b4 gxf5 22.Qxh5 Qd4 23.Re1 Bc8
24.bxc5 f4 25.Nd5 f5 26.Nf6+ Rxf6 27.gxf6  1-0

[Event "1st Festival"]
[Site "Nancy FRA"]
[Date "2003.03.07"]
[Round "7"]
[White "Okhotnik,V"]
[Black "Nezar,M"]
[Result "1/2-1/2"]
[WhiteElo "2453"]
[BlackElo "2320"]

1.c4 c5 2.Nc3 Nf6 3.Nf3 d5 4.cxd5 Nxd5 5.e4 Nb4 6.Bb5+ N8c6 7.O-O a6 8.Ba4 b5
9.a3 bxa4 10.axb4 cxb4 11.Nxa4 Bg4 12.h3 Bxf3 13.Qxf3 e6 14.b3 Be7 15.Bb2 O-O
16.Qe3 Bg5 17.f4 Bf6 18.e5 Be7 19.Rac1 Na5 20.Nc5 Qb6  1/2-1/2

[Event "X Anibal Open"]
[Site "Linares ESP"]
[Date "2003.03.08"]
[Round "9"]
[White "Pogorelov,R"]
[Black "Ahmed,Es"]
[Result "0-1"]
[WhiteElo "2517"]
[BlackElo "2395"]

1.Nf3 Nf6 2.c4 e6 3.Nc3 c5 4.g3 d5 5.cxd5 Nxd5 6.Bg2 Be7 7.O-O Nc6 8.d4 Nf6
9.dxc5 O-O 10.Bg5 Qa5 11.Rc1 Qxc5 12.Ne4 Qb4 13.Nxf6+ gxf6 14.Bh6 Rd8 15.Qc2 e5
16.a3 Qg4 17.Be3 f5 18.b4 a6 19.Bb6 Re8 20.Qd2 Qg7 21.Ne1 e4 22.f3 Bf6 23.e3 Be6
24.fxe4 fxe4 25.Bxe4 Ne5 26.Bd4 Rad8 27.Nd3 Ng4 28.Bxf6 Nxf6 29.Bxb7 Re7
30.Bc6 Qh6 31.Qe2 Bh3 32.Rfe1 Ng4 33.Nf4 Rxe3 34.Qc2 Rc8 35.Nxh3 Rxc6 36.Qg2 Qe6  0-1

[Event "57th ch-POL w"]
[Site "Sroda Wlkp POL"]
[Date "2003.03.08"]
[Round "10"]
[White "Zielinska,Mar"]
[Black "Krupa,M"]
[Result "1/2-1/2"]
[WhiteElo "2430"]
[BlackElo "2248"]

1.c4 c5 2.Nc3 Nf6 3.Nf3 d5 4.cxd5 Nxd5 5.g3 Nc6 6.Nxd5 Qxd5 7.Bg2 g6 8.d3 Bg7
9.O-O Qd6 10.Be3 Bxb2 11.Rb1 Bg7 12.Nd2 Qc7 13.Bxc5  1/2-1/2

[Event "TCh-BEL 2002-3"]
[Site "Belgium BEL"]
[Date "2003.03.09"]
[Round "10"]
[White "Ruck,R"]
[Black "Goormachtigh,J"]
[Result "1-0"]
[WhiteElo "2583"]
[BlackElo "2303"]

1.Nf3 Nf6 2.c4 c5 3.Nc3 d5 4.cxd5 Nxd5 5.d4 Nxc3 6.bxc3 g6 7.Bf4 Bg7 8.e3 O-O
9.Be2 Nc6 10.O-O cxd4 11.cxd4 Qa5 12.Nd2 Bf5 13.Nc4 Qd5 14.Rc1 Rfd8 15.Qb3 Be6
16.Qb2 Rac8 17.Bg3 b5 18.Nd2 a6 19.Bf3 Qd7 20.Nb3 Bc4 21.Rfd1 Qa7 22.Nd2 Bd5
23.Bxd5 Rxd5 24.Rc2 Rdd8 25.Rdc1 Qa8 26.Nf3 Na5 27.Bc7 Nc4 28.Rxc4 bxc4 29.Bxd8 Rxd8
30.Rxc4 Rb8 31.Qc2 Qb7 32.h3 h6 33.Nd2 Kh7 34.Nb3 Qb5 35.Rc7 e5 36.Rxf7 exd4
37.Qc7 Rg8 38.exd4 Qe2 39.Nc5 Qd1+ 40.Kh2 Qxd4  1-0

[Event "Spring Festival GM"]
[Site "Bucharest ROM"]
[Date "2003.03.10"]
[Round "8"]
[White "Badea,B"]
[Black "Ardelean,G"]
[Result "1/2-1/2"]
[WhiteElo "2495"]
[BlackElo "2450"]

1.Nf3 c5 2.c4 Nf6 3.Nc3 g6 4.d4 cxd4 5.Nxd4 Bg7 6.e4 d6 7.Be2 O-O 8.O-O Nc6
9.Be3 Bd7 10.Qd2 Ng4  1/2-1/2

[Event "FSIMB March"]
[Site "Budapest HUN"]
[Date "2003.03.10"]
[Round "10"]
[White "Yeke,S"]
[Black "Berczes,D"]
[Result "1-0"]
[WhiteElo "2277"]
[BlackElo "2261"]

1.Nf3 Nf6 2.c4 e6 3.Nc3 c5 4.g3 b6 5.Bg2 Bb7 6.O-O d6 7.Re1 Nbd7 8.e4 Qc7
9.d4 cxd4 10.Nxd4 Be7 11.Be3 a6 12.f4 O-O 13.Rc1 Rac8 14.b3 Qb8 15.Kh1 Rc7
16.Bg1 Rfc8 17.Qd2 Qa8 18.h3 Nc5 19.Qe2 b5 20.b4 Ncd7 21.Ncxb5 axb5 22.Nxb5 d5
23.Nxc7 Rxc7 24.cxd5 Rxc1 25.Rxc1 Bxb4 26.dxe6 fxe6 27.Qc4 Bxe4 28.Qxe6+ Kh8
29.Bxe4 Nxe4 30.Rc6 Nxg3+ 31.Kg2 Nf8 32.Qc8 Qxc8 33.Rxc8 Ne2 34.Rc4 Bd6 35.Be3 Ng6
36.Rc8+ Bf8 37.Kf3  1-0

[Event "Spring Festival GM"]
[Site "Bucharest ROM"]
[Date "2003.03.13"]
[Round "11"]
[White "Musat,A"]
[Black "Vasiesiu,D"]
[Result "1-0"]
[WhiteElo "2410"]
[BlackElo "2435"]

1.Nf3 Nf6 2.c4 c5 3.Nc3 e6 4.g3 b6 5.Bg2 Bb7 6.O-O Be7 7.d4 cxd4 8.Qxd4 d6
9.Rd1 a6 10.Ng5 Bxg2 11.Kxg2 Nc6 12.Qf4 O-O 13.b3 Qb8 14.Ba3 Rd8 15.Nce4 h6
16.Nf3 Ne8 17.Rac1 f5 18.Ned2 Ne5 19.Qe3 Bf6 20.Nd4 Nc7 21.f4 Ng4 22.Qd3 d5
23.Nc6 Qb7 24.Nxd8 Rxd8 25.Qf3 b5 26.h3 h5 27.Bc5 Bb2 28.Rb1 Qc6 29.Rxb2  1-0

[Event "Mediteranian Flower WGM"]
[Site "Rejika CRO"]
[Date "2003.03.14"]
[Round "8"]
[White "Jelica,M"]
[Black "Franciskovic,B"]
[Result "1-0"]
[WhiteElo "2230"]
[BlackElo "1991"]

1.Nf3 Nf6 2.c4 c5 3.Nc3 e6 4.d4 cxd4 5.Nxd4 b6 6.Ndb5 d6 7.Bg5 a6 8.Nd4 Be7
9.Qd3 Bb7 10.e4 Nbd7 11.f3 Qc7 12.b3 O-O 13.Be2 Rac8 14.Rc1 Ne5 15.Qd2 Rfd8
16.O-O Qb8 17.Kh1 Ng6 18.Qb2 d5 19.cxd5 Nxd5 20.Bxe7 Ndxe7 21.Na4 Rxc1 22.Rxc1 Qe5
23.Nc2 Qg5 24.Ne1 Qe3 25.Nd3 Nc6 26.Bf1 Nge5 27.Nxe5 Nxe5 28.Qc3 Nd3 29.Bxd3 Rxd3
30.Qc8+  1-0

[Event "Tch-SWE 2002-3"]
[Site "Sweden SWE"]
[Date "2003.03.14"]
[Round "9"]
[White "Cramling,D"]
[Black "Tikkanen,H"]
[Result "1/2-1/2"]
[WhiteElo "2425"]
[BlackElo "2306"]

1.c4 Nf6 2.Nc3 c5 3.Nf3 d5 4.cxd5 Nxd5 5.e3 e6 6.d4 cxd4 7.exd4 Nd7 8.Nxd5 exd5
9.Bd3 Bb4+ 10.Bd2 Qe7+ 11.Qe2 Qxe2+ 12.Kxe2 Bd6 13.Rhe1 O-O 14.Kf1 h6 15.a3 Nf6
16.Bb4 Bxb4 17.axb4 Be6 18.b5 Ne4 19.Ra3 Bf5 20.Rea1 Rfe8 21.h3 Rac8 22.Kg1 Nd6
23.Bxf5 Nxf5 24.Rxa7 Nd6 25.Ne5 f6 26.Nd3 Rc4 27.Nc5  1/2-1/2

[Event "TCh-CZE 2002-3"]
[Site "Czech Rep CZE"]
[Date "2003.03.16"]
[Round "9"]
[White "Chytilek,R"]
[Black "Lipka,J"]
[Result "1/2-1/2"]
[WhiteElo "2394"]
[BlackElo "2428"]

1.c4 Nf6 2.Nc3 c5 3.Nf3 d5 4.cxd5 Nxd5 5.e4 Nb4 6.Bc4 Nd3+ 7.Ke2 Nf4+ 8.Kf1 Ne6
9.b4 g6 10.bxc5 Bg7 11.Bxe6 Bxe6 12.d4 Nc6 13.Be3 Qa5 14.Ne2 Bc4  1/2-1/2